[Event "Let's Play Chess!"]
[Site "http://www.queenalice.com/game.php?id=958034"]
[Date "2011.7.8"]
[Round "-"]
[White "breno33"]
[Black "cazzo"]
[Result "0-1"]
[WhiteElo "1932"]
[BlackElo "2514"]

1. c4 g6 2. Nc3 Bg7 3. Nf3 e5 4. d4 exd4 5. Nxd4 Nc6 6. Be3 Nf6 7. h3 O-O 8. g4
d5 9. Bg2 Nxd4 10. Bxd4 dxc4 11. O-O c6 12. g5 Nh5 13. Bxg7 Kxg7 14. Qxd8 Rxd8
15. e3 Bf5 16. Rfd1 f6 17. h4 h6 18. f4 Bg4 19. Rxd8 Rxd8 20. Ne4 f5 21. Nf2 Be2
22. Re1 Rd2 0-1

[Event "Copas"]
[Site "http://www.queenalice.com/game.php?id=958037"]
[Date "2011.7.8"]
[Round "-"]
[White "Claudin"]
[Black "breno33"]
[Result "0-1"]
[WhiteElo "1338"]
[BlackElo "1888"]

1. e3 c5 2. Nc3 e6 3. b3 Nf6 4. h4 Nc6 5. Qf3 b6 6. g4 Bb7 7. a4 Na5 8. Qg3 Bxh1
9. Ba3 Ne4 10. Nxe4 Bxe4 11. Rc1 Be7 12. Bb5 a6 13. Be2 O-O 14. d3 Bc6 15. c4
Nxb3 16. Rc3 Bxa4 17. Bd1 d5 18. g5 d4 19. Rc2 dxe3 20. Qxe3 Nd4 21. Kd2 Nxc2
22. Bxc2 Bxc2 23. Kxc2 Qc7 24. Nf3 Rfd8 25. Ne5 Rd4 26. Nf3 Rad8 27. Bb2 Rxd3
28. Qe5 Qxe5 29. Nxe5 Rd2+ 30. Kc3 Rxf2 31. Nc6 Rdd2 32. Nxe7+ Kf8 0-1

[Event "Challenge"]
[Site "http://www.queenalice.com/game.php?id=958721"]
[Date "2011.7.9"]
[Round "-"]
[White "MIngu"]
[Black "breno33"]
[Result "1-0"]
[WhiteElo "1983"]
[BlackElo "1935"]

1. d4 e6 2. Bf4 c5 3. e3 Nf6 4. Bd3 Nc6 5. c3 cxd4 6. exd4 Nd5 7. Bg3 Be7 8. Ne2
f5 9. Nf4 Nxf4 10. Bxf4 O-O 11. Qe2 g5 12. Bc1 d5 13. Nd2 f4 14. Qh5 Rf7 15. h4
e5 16. hxg5 e4 17. Nxe4 dxe4 18. Bc4 1-0

[Event "Challenge"]
[Site "http://www.queenalice.com/game.php?id=958722"]
[Date "2011.7.9"]
[Round "-"]
[White "breno33"]
[Black "MIngu"]
[Result "0-1"]
[WhiteElo "1921"]
[BlackElo "1997"]

1. e4 d5 2. exd5 Nf6 3. Bc4 c6 4. dxc6 Nxc6 5. Nf3 e5 6. O-O Bc5 7. b3 e4 8. Ng5
O-O 9. Bb2 h6 10. Nxf7 Rxf7 11. Bxf7+ Kxf7 12. Qe2 Bd4 13. c3 Bg4 14. Qb5 Bb6
15. h3 a6 16. Qa4 Be2 17. Re1 Bd3 18. c4 Ng4 19. hxg4 Bxf2+ 20. Kxf2 Qh4+ 21.
Kg1 Qxe1+ 22. Kh2 h5 23. Nc3 Qh4+ 24. Kg1 hxg4 25. Nxe4 Bxe4 26. Rf1+ Kg6 27.
Rf4 Qe1+ 28. Kh2 Rh8# 0-1

[Event "Let's Play Chess!"]
[Site "http://www.queenalice.com/game.php?id=959059"]
[Date "2011.7.12"]
[Round "-"]
[White "breno33"]
[Black "Scharlatan"]
[Result "0-1"]
[WhiteElo "1889"]
[BlackElo "2219"]

1. e4 c5 2. Nc3 Nc6 3. Bc4 Nf6 4. d3 e6 5. Bg5 Be7 6. f4 O-O 7. Nf3 Na5 8. e5
Ne8 9. Ne4 d5 10. exd6 Nxd6 11. Nxd6 Qxd6 12. O-O b6 13. Bxe7 Qxe7 14. Ne5 Bb7
15. f5 Nxc4 16. dxc4 Rad8 17. Qh5 Rd2 18. Rf2 Rxf2 19. Kxf2 exf5 20. Nf3 Bxf3
21. gxf3 g6 22. Rg1 Kh8 23. Qh6 Rd8 24. h4 Qf8 25. Qg5 Rd4 26. b3 Qd8 27. Ke2
Qxg5 28. hxg5 Kg7 29. c3 Rd7 30. b4 f6 31. f4 fxg5 32. fxg5 h6 33. gxh6+ Kxh6
34. Rd1 Rxd1 35. Kxd1 g5 36. Ke2 Kh5 37. Kf3 Kh4 38. Kg2 g4 0-1

[Event "Challenge"]
[Site "http://www.queenalice.com/game.php?id=959471"]
[Date "2011.7.12"]
[Round "-"]
[White "breno33"]
[Black "schin999"]
[Result "0-1"]
[WhiteElo "1884"]
[BlackElo "1865"]

1. e4 e5 2. d4 Nc6 3. Nf3 d5 4. Bb5 exd4 5. Qxd4 dxe4 6. Qxe4+ Qe7 7. Bxc6+ bxc6
8. Nc3 Qxe4+ 9. Nxe4 Bf5 10. Neg5 Bxc2 11. Nd4 Bg6 12. Nxc6 h6 13. Nf3 Be4 14.
Ncd4 O-O-O 15. O-O Bc5 16. Be3 Nf6 17. Rac1 Bb6 18. Nc6 Bxe3 19. fxe3 Bxc6 20.
Rxc6 Rhe8 21. Rfc1 Nd5 22. Nd4 Rxe3 23. Nf5 Re2 24. Nd6+ Kb8 25. Nc4 Nf4 26. Na5
Rdd2 27. Rxc7 Rxg2+ 0-1

[Event "Challenge"]
[Site "http://www.queenalice.com/game.php?id=959488"]
[Date "2011.7.12"]
[Round "-"]
[White "grega"]
[Black "breno33"]
[Result "1-0"]
[WhiteElo "1843"]
[BlackElo "1902"]

1. e4 e6 2. d4 c5 3. Nf3 b6 4. c3 Bb7 5. Bd3 Nf6 6. Nbd2 d5 7. e5 Ne4 8. O-O Nd7
9. Bc2 g6 10. Nb3 c4 11. Nbd2 Be7 12. Nxe4 dxe4 13. Nd2 f5 14. Nxc4 b5 15. Ne3
Qc7 16. Bb3 Nxe5 17. dxe5 Qxe5 18. Qe2 a6 19. a3 O-O 20. Nc2 Bd6 21. g3 f4 22.
Nd4 Bd5 23. Bxd5 exd5 24. Bxf4 Rxf4 25. gxf4 Qxf4 26. f3 e3 27. Rfc1 h5 28. Kf1
Re8 29. Ke1 Qh4+ 30. Kd1 Bxh2 31. Kc2 Bf4 32. Rg1 Qf6 33. Rg2 g5 34. Rh1 Re7 35.
Kb3 Qf7 36. Qd3 Kf8 37. Ne2 Be5 38. Rxg5 1-0

[Event "OS INCLIVEIS"]
[Site "http://www.queenalice.com/game.php?id=960656"]
[Date "2011.7.15"]
[Round "-"]
[White "adelio"]
[Black "breno33"]
[Result "0-1"]
[WhiteElo "1658"]
[BlackElo "1896"]

1. b4 e5 2. b5 Bc5 3. a4 b6 4. c4 Bb7 5. Nc3 Nf6 6. d3 O-O 7. e4 Ng4 8. Ra2 f5
9. f3 Ne3 10. Bxe3 Bxe3 11. Nd5 Bc5 12. Rb2 c6 13. Nb4 a5 14. bxa6 Nxa6 15. Nxa6
Rxa6 16. h4 Bd4 17. Rc2 Rxa4 18. Qd2 fxe4 19. dxe4 d5 20. h5 dxe4 21. fxe4 Ra1+
22. Rc1 Rxc1+ 23. Qxc1 Bf2+ 24. Ke2 c5 25. Nf3 Bg3 26. Qc2 Rf4 27. Ke3 Qa8 28.
Bd3 Qa3 29. Nd2 Bf2+ 30. Ke2 Bd4 31. Nf3 Qc3 32. Rc1 Qxc2+ 33. Bxc2 Bxe4 34.
Nxd4 exd4 35. Bxe4 Rxe4+ 36. Kd2 Rg4 37. Rg1 g6 38. h6 g5 39. g3 Kf7 40. Ke2
Re4+ 41. Kd3 Re3+ 42. Kd2 Kg6 43. g4 Kxh6 44. Rh1+ Kg6 45. Rb1 Re6 46. Kd3 h5
47. gxh5+ Kxh5 48. Rh1+ Kg6 49. Rb1 g4 50. Rg1 Kg5 51. Kd2 Re3 52. Rb1 Rc3 53.
Rxb6 Rxc4 54. Rb8 g3 55. Rg8+ Kf4 56. Rf8+ Kg4 57. Rg8+ Kf3 58. Rf8+ Kg2 59. Kd3
Rc3+ 60. Kd2 Kg1 61. Ke1 g2 62. Kd2 Rh3 63. Ke1 Kh1 64. Rf5 g1=Q+ 65. Rf1 Re3+
66. Kd2 Qxf1 67. Kc2 Qf2+ 68. Kd1 Re1# 0-1

[Event "Challenge"]
[Site "http://www.queenalice.com/game.php?id=960657"]
[Date "2011.7.15"]
[Round "-"]
[White "elena"]
[Black "breno33"]
[Result "1-0"]
[WhiteElo "1889"]
[BlackElo "1907"]

1. e4 e6 2. d4 c5 3. c3 b6 4. Nf3 Bb7 5. Nbd2 Nf6 6. e5 Nd5 7. Be2 Nf4 8. Bf1 g5
9. Nb3 h6 10. Bxf4 gxf4 11. Qd2 Bxf3 12. gxf3 Qg5 13. h4 Qh5 14. Qxf4 Rg8 15.
Nd2 Nc6 16. Ne4 cxd4 17. Nf6+ 1-0

[Event "Challenge"]
[Site "http://www.queenalice.com/game.php?id=961507"]
[Date "2011.7.17"]
[Round "-"]
[White "Pepe_chaves"]
[Black "breno33"]
[Result "1-0"]
[WhiteElo "1870"]
[BlackElo "1906"]

1. e4 e6 2. Nc3 c5 3. d4 b6 4. Nf3 Bb7 5. d5 Nf6 6. dxe6 fxe6 7. Bg5 h6 8. Bh4
g5 9. Bg3 Nxe4 10. Ne5 Nf6 11. Nb5 d5 12. Qd3 Rg8 13. O-O-O a6 14. Na3 b5 15.
Nb1 c4 16. Qd4 Nc6 17. Nxc6 Bxc6 18. Nc3 b4 19. Ne2 b3 20. axb3 cxb3 21. cxb3
Rc8 22. Kb1 Bg7 23. Be5 Nh5 24. g4 Bxe5 25. Qxe5 Qf6 26. Qxf6 Nxf6 27. f3 Bb5
28. Nd4 Bxf1 29. Rhxf1 Kd7 30. Rfe1 Ne8 31. Rxe6 Nc7 32. Rxh6 1-0

[Event "Int - Brasil"]
[Site "http://www.queenalice.com/game.php?id=964296"]
[Date "2011.7.24"]
[Round "2"]
[White "breno33"]
[Black "claudiocaire"]
[Result "1-0"]
[WhiteElo "1901"]
[BlackElo "1618"]

1. e4 e5 2. d4 d6 3. dxe5 dxe5 4. Qxd8+ Kxd8 5. Nf3 f6 6. Nc3 Bb4 7. Bd2 Bxc3 8.
Bxc3 Nc6 9. O-O-O+ Ke8 10. Bb5 a6 11. Bxc6+ bxc6 12. Nxe5 fxe5 13. Bxe5 Nh6 14.
Bxg7 Rg8 15. Bxh6 Rxg2 16. Rd2 Rg6 17. Bf4 Bb7 18. Bxc7 c5 19. Bg3 Bxe4 20. Re1
Rg4 21. f3 Rg7 22. Rxe4+ Kf7 23. Rd7+ Kg8 24. Rxg7+ Kxg7 25. Re7+ Kg8 26. Rc7
Re8 27. f4 h5 28. Rxc5 Re2 29. Rxh5 Kg7 30. b4 Kg6 31. Ra5 Re6 32. a4 Rf6 33. b5
axb5 34. axb5 Rb6 35. c4 Rb7 36. c5 Kf6 37. c6 Rc7 38. f5 Rc8 39. c7 Kxf5 40.
b6+ Ke6 41. b7 Kd7 42. bxc8=Q+ Kxc8 43. Ra8+ Kb7 44. c8=Q+ 1-0

[Event "Challenge"]
[Site "http://www.queenalice.com/game.php?id=965193"]
[Date "2011.7.26"]
[Round "-"]
[White "MIngu"]
[Black "breno33"]
[Result "1-0"]
[WhiteElo "2022"]
[BlackElo "1907"]

1. d4 e6 2. c4 b5 3. e4 Bb7 4. cxb5 Bxe4 5. Nc3 Bb4 6. Qb3 c5 7. dxc5 Bxc3+ 8.
Qxc3 Nf6 9. Bg5 h6 10. Bh4 g5 11. Bg3 O-O 12. h4 Nd5 13. Qd2 f6 14. Bd6 Rf7 15.
hxg5 hxg5 16. O-O-O Rh7 17. Rxh7 Bxh7 18. Bc4 Ne7 19. Qe3 Bf5 20. Qf3 Nbc6 21.
bxc6 Nxc6 22. Qxf5 1-0

[Event "Challenge"]
[Site "http://www.queenalice.com/game.php?id=965194"]
[Date "2011.7.26"]
[Round "-"]
[White "breno33"]
[Black "MIngu"]
[Result "0-1"]
[WhiteElo "1919"]
[BlackElo "2010"]

1. e4 d5 2. exd5 Nf6 3. Nf3 c6 4. dxc6 Nxc6 5. d4 e5 6. Bb5 exd4 7. Qxd4 Bd7 8.
Bxc6 Bxc6 9. Qe5+ Be7 10. Nbd2 O-O 11. O-O Rc8 12. b3 Nd5 13. Qg3 Bf6 14. Ne5
Nc3 15. Re1 Bb5 16. Nec4 Bxc4 17. bxc4 Re8 0-1

[Event "Challenge"]
[Site "http://www.queenalice.com/game.php?id=967560"]
[Date "2011.8.1"]
[Round "-"]
[White "breno33"]
[Black "elena"]
[Result "1-0"]
[WhiteElo "1884"]
[BlackElo "1910"]

1. e4 e5 2. d4 exd4 3. c3 dxc3 4. Bc4 cxb2 5. Bxb2 Qe7 6. Nd2 c6 7. Ngf3 d5 8.
Bd3 dxe4 9. Nxe4 Bf5 10. O-O Qc7 11. Re1 Ne7 12. Be5 Qd7 13. Nd6+ Kd8 14. Nxf7+
Ke8 15. Nd6+ 1-0

[Event "Challenge"]
[Site "http://www.queenalice.com/game.php?id=971092"]
[Date "2011.8.10"]
[Round "-"]
[White "breno33"]
[Black "schin999"]
[Result "0-1"]
[WhiteElo "1875"]
[BlackElo "1995"]

1. e4 e5 2. d4 exd4 3. c3 d3 4. Nf3 Bc5 5. b4 Be7 6. Bxd3 d6 7. O-O Nf6 8. Bg5
a5 9. b5 O-O 10. Nbd2 Nbd7 11. c4 Nc5 12. Qc2 Nfd7 13. Bxe7 Qxe7 14. Nd4 Qf6 15.
N2f3 Ne5 16. Nxe5 dxe5 17. Nf5 Bxf5 18. exf5 Rad8 19. Be4 Rd4 20. f3 Rfd8 21.
Rf2 Qb6 22. Kh1 Nxe4 23. fxe4 Qc5 24. Qb3 Rxe4 25. Rd1 Rxd1+ 26. Qxd1 h6 0-1

[Event "Let's Play Chess!"]
[Site "http://www.queenalice.com/game.php?id=971559"]
[Date "2011.8.12"]
[Round "-"]
[White "breno33"]
[Black "Piazzolero"]
[Result "1-0"]
[WhiteElo "1864"]
[BlackElo "1551"]

1. e4 e5 2. d4 d6 3. Nf3 Nc6 4. Bb5 a6 5. Bxc6+ bxc6 6. dxe5 dxe5 7. Qxd8+ Kxd8
8. Nxe5 Be6 9. Nxc6+ Kd7 10. Nd4 Bb4+ 11. c3 Ba5 12. Nxe6 Kxe6 13. O-O Nf6 14.
Nd2 h5 15. Nc4 Bb6 16. Nxb6 cxb6 17. Bg5 Nxe4 18. f4 f6 19. Bh4 Nd2 20. Rfe1+
Kf5 21. Rad1 Nc4 22. Bf2 b5 23. Rd7 g6 24. Rd5+ Kxf4 25. Bg3+ Kg4 26. Re4# 1-0

[Event "Let's Play Chess!"]
[Site "http://www.queenalice.com/game.php?id=971561"]
[Date "2011.8.12"]
[Round "-"]
[White "positionalgenius"]
[Black "breno33"]
[Result "1-0"]
[WhiteElo "1859"]
[BlackElo "1890"]

1. e4 e6 2. d4 c5 3. Nf3 b6 4. Bc4 Bb7 5. d5 Nf6 6. Bg5 h6 7. Bxf6 gxf6 8. Nbd2
a6 9. a4 Rg8 10. Qe2 e5 11. O-O d6 12. Ne1 Nd7 13. f4 Qe7 14. f5 O-O-O 15. Bxa6
h5 16. a5 Nb8 17. Bxb7+ Kxb7 18. Nc4 b5 19. Na3 1-0

[Event "Let's Play Chess!"]
[Site "http://www.queenalice.com/game.php?id=971563"]
[Date "2011.8.12"]
[Round "-"]
[White "breno33"]
[Black "discover100"]
[Result "1-0"]
[WhiteElo "1886"]
[BlackElo "1527"]

1. e4 c5 2. f4 d6 3. Nf3 Bg4 4. h3 Bxf3 5. Qxf3 Nd7 6. Bc4 Ngf6 7. Qb3 e6 8. f5
Ne5 9. fxe6 fxe6 10. Bxe6 Nxe4 11. O-O c4 12. Bxc4 d5 13. Qb5+ Nd7 14. Qxd5 Qb6+
15. d4 O-O-O 16. Qxe4 Bd6 17. Be6 Rde8 18. Bxd7+ Kxd7 19. Qg4+ Kd8 20. Bg5+ Kc7
21. Nc3 Qxb2 22. Nd5+ Kc6 23. Rab1 Qa3 24. Rb3 Qa5 25. Rc3+ Kxd5 26. Rf5+ Be5
27. Rc5+ Qxc5 28. dxc5 Rc8 29. Bf4 Rhe8 30. Bxe5 Rxe5 31. Rxe5+ 1-0

[Event "Challenge"]
[Site "http://www.queenalice.com/game.php?id=999720"]
[Date "2011.10.21"]
[Round "-"]
[White "jorm"]
[Black "breno33"]
[Result "1-0"]
[WhiteElo "1864"]
[BlackElo "1881"]

1. e4 e6 2. d4 c5 3. d5 Nf6 4. e5 Nxd5 5. c4 Nb4 6. a3 N4c6 7. Nf3 f6 8. Bf4 g5
9. Bg3 h5 10. exf6 Qxf6 11. Nc3 h4 12. Bd6 Nd4 13. Bxf8 Rxf8 14. Be2 Nxf3+ 15.
gxf3 Nc6 16. Qd2 Nd4 17. f4 Nxe2 18. Nxe2 gxf4 19. f3 b6 20. O-O-O Ba6 21. Qxd7#
1-0

[Event "Challenge"]
[Site "http://www.queenalice.com/game.php?id=1000738"]
[Date "2011.10.23"]
[Round "-"]
[White "breno33"]
[Black "albemo"]
[Result "1-0"]
[WhiteElo "1867"]
[BlackElo "1826"]

1. e4 e5 2. d4 exd4 3. c3 Nf6 4. e5 Nd5 5. Bc4 Nb6 6. Bb3 dxc3 7. Nf3 cxb2 8.
Bxb2 Bb4+ 9. Nbd2 O-O 10. O-O Nc6 11. Ne4 a5 12. Nfg5 h6 13. Qh5 1-0